000 00307nam a2200109Ia 4500
008 200302s9999 xx 000 0 und d
100 _aForrest Wilson AIA.
245 _aEmerging From in Architecture Conversations With Lev Zetlin
260 _bCahners Books Publishing Co.,
260 _c1975
300 _a222 P.,
999 _c415
_d415